Les sans-culottes parisiens en l'an II : mouvement populaire et gouvernement révolutionnaire (1793-1794)
Αποθηκεύτηκε σε:
| Κύριος συγγραφέας: | |
|---|---|
| Μορφή: | Βιβλίο |
| Γλώσσα: | French |
| Δημοσίευση: |
Paris :
Seuil,
c1968
|
| Σειρά: | Points. Histoire ;
; 41 |
| Θέματα: | |
| Ετικέτες: |
Προσθήκη ετικέτας
Δεν υπάρχουν, Καταχωρήστε ετικέτα πρώτοι!
|
MARC
| LEADER | 00000cam a2200000 i 4500 | ||
|---|---|---|---|
| 001 | 1/67586 | ||
| 008 | 931104s1968 fre d | ||
| 020 | |a 2-02-005255-5 | ||
| 035 | |a ΛΕΣΒΟΣb10001925 |l 10001925 | ||
| 040 | |a GR-MY-UA |b gre |e aacr | ||
| 041 | 0 | |a fre | |
| 082 | 0 | |a 944.04 | |
| 100 | 1 | |a Soboul, Albert. | |
| 245 | 1 | 4 | |a Les sans-culottes parisiens en l'an II : |b mouvement populaire et gouvernement révolutionnaire (1793-1794) / |c Albert Soboul |
| 260 | |a Paris : |b Seuil, |c c1968 | ||
| 300 | |a 251 p. | ||
| 490 | 1 | |a Points. Histoire |v ; 41 | |
| 650 | 0 | |a Sansculottes. | |
| 651 | 0 | |a France |x History |y Reign of Terror, 1793-1794. | |
| 651 | 0 | |a Paris (France) |x History |y 1789-1799. | |
| 830 | 0 | |a Points. |p Histoire ; |v ; 41 | |
| 852 | |a INST |b LESVOS |e 19931104 |h 944.04 SOB |p 005100005496 |q 005100005496 |t BK |y 0 | ||
| 909 | |a Λ |b 020085 | ||